1669 1712 1526 1772 1395 1385 1393 1229 1275 1901 1518 1459 1347 1505 1350 1218 1096 1141 1704 1212 1542 1278 1998 1323 1291 1220 1379 1616 1408 1443 1110 1778 1591 1828 1832 1393 1639 1308 1179 1908 1855 1279 1807 1961 1017 1974 1064 1333 1669 1950 1201 1874 1015 1475 1814 1665 1511 1903 1840 1533 1266 1984 1257 1986 1478 1427 1279 1518 1483 1488 1376 1965 1096 1205 1730 1793 1245 1326 1093 1429 1247 1250 1157 1821 1762 1936 1462 1025 1768 1495 1969 1493 1063 1717 1131 1728 1002 1906 1746 BCNSPRNW ULIB Ver.6.0+V

เปลี่ยนเป็นภาษาไทย

Change to English
 แสดงรายละเอียดบรรณานุกรม
  กลับหน้าหลัก

Brief Record : Get Marc (ISO 2709) : E-mail record : QR code < ปิดหน้าต่าง
LEADER : 00000nam 2200000uu 4500
001    13399126762
003     ULIB
008    190301s2561||||th 000 0 tha d
020 ^9 ^a9786162046957
050 ^D ^aDS915.2^bK20ต
100 0^ aKatto Readlovetree
245 10 ^aโตเกียว ใครๆ ก็เที่ยวได้ Edition 3 : Tokyo & Around/^cKatto Readlovetree
250 ^พ ^aพิมพ์ครั้งที่ 1
260 ^ก ^aกรุงเทพฯ :^bโปรวิชั่น,^c2561.
300 ^3 ^a432 หน้า :^bภาพประกอบ, แผนที่ ;^c21 ซม.
651 ^4 ^aญี่ปุ่น^xภูมิประเทศและการท่องเที่ยว
651 ^4 ^aญี่ปุ่น^xความเป็นอยู่และประเพณี
700 0^ aDPlus Guide Team
945    ^p385^l0^i27156
999    ^aกัณชพร จุลอักษร
รายการนี้ยังไม่มีแท็ก
คุณยังไม่ได้ล็อกอิน คุณสามารถมีกิจกรรมร่วมกับเว็บไซต์ได้ แต่ต้องล็อกอินก่อน ::
  ล็อกอิน

รายการสื่อสารสนเทศ

ลำดับที่ ประเภท เลขเรียก/บาร์โค้ด สถานที่ สถานะ
1. วิทยาศาสตร์การแพทย์ และสุขภาพ
วิทยาศาสตร์การแพทย์ และสุขภาพ
DS915.2 K20ต ฉ.1 
  Barcode: 27156
ห้องสมุดวิทยาเขตนครสวรรค์
►หนังสือทั่วไป:l:General Books
บนชั้น

BibComment


ยังไม่เคยถูกคอมเมนท์

คอมเมนท์ทรัพยากรรายการนี้
  คอมเมนท์: โตเกียว ใครๆ ก็เ..


 Copyright 2026. Bcnsprnw @Library